Central Library and Information Centre
Sibsagar Girls' College, Sivasagar : Assam

A TEXT BOOK OF GEOMORPHOLOGY (Record no. 1675)

MARC details
000 -LEADER
fixed length control field 00341cam a2200157ua 4500
008 - FIXED-LENGTH DATA ELEMENTS--GENERAL INFORMATION
fixed length control field 111221n II |||gr||||Z||||||eng
040 ## - CATALOGING SOURCE
Original cataloging agency MAIN
041 ## - LANGUAGE CODE
-- English
082 ## - DEWEY DECIMAL CLASSIFICATION NUMBER
Classification number 551.4 WOR
100 ## - MAIN ENTRY--PERSONAL NAME
Personal name WORCEATER , P.G.
245 ## - TITLE STATEMENT
Title A TEXT BOOK OF GEOMORPHOLOGY
300 ## - PHYSICAL DESCRIPTION
Dimensions 20CM.
942 ## - ADDED ENTRY ELEMENTS (KOHA)
Koha item type Books
653 ## - INDEX TERM--UNCONTROLLED
Uncontrolled term GEOMORPHOLOGY
Holdings
Withdrawn status Lost status Damaged status Not for loan Collection code Home library Current library Shelving location Date acquired Full call number Barcode Date last seen Copy number Price effective from Koha item type
        REFGEO Central Library and Information Centre Sibsagar Girls College Central Library and Information Centre Sibsagar Girls College Geography Rack 07.04.1968 551.4 WOR 01893 27.02.2020 1 27.02.2020 Books


Sibsagar Girl's College © 2020. All rights reserved.
Powered by Koha.
Maintained by Abhijit Borpuzari.